<?xml version="1.0" encoding="UTF-8"?>
<record
    xmlns:xsi="http://www.w3.org/2001/XMLSchema-instance"
    xsi:schemaLocation="http://www.loc.gov/MARC21/slim http://www.loc.gov/standards/marcxml/schema/MARC21slim.xsd"
    xmlns="http://www.loc.gov/MARC21/slim">

  <leader>01596cam a2200421Mi 4500</leader>
  <datafield tag="952" ind1=" " ind2=" ">
    <subfield code="0">0</subfield>
    <subfield code="1">0</subfield>
    <subfield code="4">0</subfield>
    <subfield code="7">0</subfield>
    <subfield code="8">OPEN</subfield>
    <subfield code="a">FSCITECEDL</subfield>
    <subfield code="b">FSCITECEDL</subfield>
    <subfield code="c">DISPLAY</subfield>
    <subfield code="d">2019-04-01</subfield>
    <subfield code="l">0</subfield>
    <subfield code="o">GE105.En3</subfield>
    <subfield code="p">00000714</subfield>
    <subfield code="r">2019-04-01 00:00:00</subfield>
    <subfield code="w">2019-04-01</subfield>
    <subfield code="y">BK</subfield>
  </datafield>
  <datafield tag="999" ind1=" " ind2=" ">
    <subfield code="c">30578</subfield>
    <subfield code="d">30578</subfield>
  </datafield>
  <controlfield tag="001">ocn490968972</controlfield>
  <controlfield tag="003">OCoLC</controlfield>
  <controlfield tag="005">20220304162746.0</controlfield>
  <controlfield tag="008">021011t20022002mauab  f      001 0 eng d</controlfield>
  <datafield tag="020" ind1=" " ind2=" ">
    <subfield code="a">0072315474</subfield>
    <subfield code="q">(rel)</subfield>
  </datafield>
  <datafield tag="020" ind1=" " ind2=" ">
    <subfield code="a">9780072315479</subfield>
    <subfield code="q">(rel)</subfield>
  </datafield>
  <datafield tag="029" ind1="0" ind2=" ">
    <subfield code="a">ZWZ</subfield>
    <subfield code="b">067405789</subfield>
  </datafield>
  <datafield tag="035" ind1=" " ind2=" ">
    <subfield code="a">(OCoLC)490968972</subfield>
  </datafield>
  <datafield tag="040" ind1=" " ind2=" ">
    <subfield code="a">ZWZ</subfield>
    <subfield code="b">fre</subfield>
    <subfield code="e">ncafnor</subfield>
    <subfield code="c">ZWZ</subfield>
    <subfield code="d">OCLCF</subfield>
    <subfield code="d">OCLCO</subfield>
    <subfield code="d">OCLCQ</subfield>
  </datafield>
  <datafield tag="050" ind1=" " ind2=" ">
    <subfield code="a">GE105</subfield>
    <subfield code="b">.E54 2002</subfield>
  </datafield>
  <datafield tag="082" ind1="0" ind2="4">
    <subfield code="a">363.7</subfield>
    <subfield code="2">21</subfield>
  </datafield>
  <datafield tag="100" ind1="1" ind2=" ">
    <subfield code="a">Enger, Eldon D.,</subfield>
    <subfield code="e">Auteur.</subfield>
    <subfield code="9">24672</subfield>
  </datafield>
  <datafield tag="245" ind1="1" ind2="0">
    <subfield code="a">Environmental science</subfield>
    <subfield code="h">[Texte imprim&#xFFFD;e] :</subfield>
    <subfield code="b">a study of interrelationships.</subfield>
  </datafield>
  <datafield tag="250" ind1=" " ind2=" ">
    <subfield code="a">8 &#xFFFD;e ed. /</subfield>
    <subfield code="b">Eldon D. Enger et Bradley Fraser Smith.</subfield>
  </datafield>
  <datafield tag="260" ind1=" " ind2=" ">
    <subfield code="a">Boston :</subfield>
    <subfield code="b">McGraw-Hill,</subfield>
    <subfield code="c">cop. 2002.</subfield>
  </datafield>
  <datafield tag="300" ind1=" " ind2=" ">
    <subfield code="a">XXV-486 p. :</subfield>
    <subfield code="b">ill. en coul. ;</subfield>
    <subfield code="c">29 cm</subfield>
  </datafield>
  <datafield tag="500" ind1=" " ind2=" ">
    <subfield code="a">Includes index.</subfield>
  </datafield>
  <datafield tag="650" ind1=" " ind2="0">
    <subfield code="a">Environmental sciences.</subfield>
    <subfield code="9">59276</subfield>
  </datafield>
  <datafield tag="650" ind1=" " ind2="7">
    <subfield code="a">Environmental sciences.</subfield>
    <subfield code="2">fast</subfield>
    <subfield code="9">59276</subfield>
  </datafield>
  <datafield tag="650" ind1=" " ind2="7">
    <subfield code="a">Environnement.</subfield>
    <subfield code="2">ram</subfield>
    <subfield code="9">38103</subfield>
  </datafield>
  <datafield tag="650" ind1=" " ind2="7">
    <subfield code="a">Sciences de l'environnement.</subfield>
    <subfield code="2">ram</subfield>
    <subfield code="9">59277</subfield>
  </datafield>
  <datafield tag="650" ind1=" " ind2="7">
    <subfield code="a">&#xFFFD;Ethique de l'environnement.</subfield>
    <subfield code="2">ram</subfield>
    <subfield code="9">11298</subfield>
  </datafield>
  <datafield tag="650" ind1=" " ind2="7">
    <subfield code="a">Politique de l'environnement.</subfield>
    <subfield code="2">ram</subfield>
    <subfield code="9">54301</subfield>
  </datafield>
  <datafield tag="650" ind1=" " ind2="7">
    <subfield code="a">Environnement</subfield>
    <subfield code="x">&#xFFFD;Evaluation du risque.</subfield>
    <subfield code="2">ram</subfield>
    <subfield code="9">59278</subfield>
  </datafield>
  <datafield tag="650" ind1=" " ind2="7">
    <subfield code="a">&#xFFFD;Ecologie.</subfield>
    <subfield code="2">ram</subfield>
    <subfield code="9">51915</subfield>
  </datafield>
  <datafield tag="650" ind1=" " ind2="7">
    <subfield code="a">&#xFFFD;Ecosyst&#xFFFD;emes.</subfield>
    <subfield code="2">ram</subfield>
    <subfield code="9">59279</subfield>
  </datafield>
  <datafield tag="650" ind1=" " ind2="7">
    <subfield code="a">Pollution.</subfield>
    <subfield code="2">ram</subfield>
    <subfield code="9">5579</subfield>
  </datafield>
  <datafield tag="650" ind1=" " ind2="7">
    <subfield code="a">Installations &#xFFFD;energ&#xFFFD;etiques</subfield>
    <subfield code="x">Aspect de l'environnement.</subfield>
    <subfield code="2">ram</subfield>
    <subfield code="9">59280</subfield>
  </datafield>
  <datafield tag="650" ind1=" " ind2="7">
    <subfield code="a">Centrales nucl&#xFFFD;eaires</subfield>
    <subfield code="x">Aspect de l'environnement.</subfield>
    <subfield code="2">ram</subfield>
    <subfield code="9">59281</subfield>
  </datafield>
  <datafield tag="700" ind1="1" ind2=" ">
    <subfield code="a">Smith, Bradley Fraser,</subfield>
    <subfield code="e">Auteur.</subfield>
    <subfield code="9">59282</subfield>
  </datafield>
  <datafield tag="942" ind1=" " ind2=" ">
    <subfield code="2">lcc</subfield>
    <subfield code="c">BK</subfield>
  </datafield>
  <datafield tag="948" ind1=" " ind2=" ">
    <subfield code="h">NO HOLDINGS IN GHUCC - 1 OTHER HOLDINGS</subfield>
  </datafield>
</record>
